Statistics for Gibbon Species

Click here to take the quiz!

General Stats

  • This quiz has been taken 30 times
    (19 since last reset)
  • The average score is 10 of 18

Answer Stats

Answer% Correct
Siamang
100%
Lar gibbon
78%
Agile gibbon
67%
Hainan gibbon
67%
Skywalker gibbon
67%
Black crested gibbon
56%
Bornean white-bearded gibbon
56%
Eastern hoolock gibbon
56%
Javan gibbon
56%
Kloss’s gibbon
56%
Pileated gibbon
56%
Western hoolock gibbon
56%
Yellow-cheeked gibbon
44%
Eastern black crested gibbon
33%
Northern white-cheeked gibbon
33%
Southern white-cheeked gibbon
33%
Mueller’s Bornean gibbon
22%
Northern yellow-cheeked gibbon
22%

Score Distribution

Percentile by Number Answered

Percent of People with Each Score

Your Score History

You have not taken this quiz since the last reset